01254 a2200181 45000010006000000050017000060080041000230030015000640400040000790800125001192450042002442640036002863000019003225050645003411000021009867000032010077000033010393338620260407155626.0260407a1953 arg spa dAR-UNSa-BCEJYS aAR-UNSa-BCEJYSbspacAR-UNSa-BCEJYS a658.012.2xPlanificación. Programas. Planes. Medidas de apoyo a la planificación( Administración estratégica...)10aLa dimensión óptima de la empresa 1aBuenos Aires :bEl Ateneoc1953 a131 p.c23 cm. a1. Introducción - 2. La dimensión óptima de la empresa , cuestiones fundamentales - 3. La dimensión óptima de la empresa desde el punto de vista de la dirección - 4.La dimensión óptima de la empresa desde el punto de vista financiero - 5. La dimensión óptima de la empresa desde el punto de vista de la colocación del producto - 7. La sincronización de las diferentes dimensiones óptimas de la empresa - 8. El problema del crecimiento - 9. La dimensión óptima de la industria - 10. La localización de la producción - 11. La localización de la producción - 12. La racionalización - 13. Epílogo 1952.1 aRobinson, E.A.G.1 aMacedo de Steffens, Dorotea1 aDe la Roza Igarzábal, Hugo